01052naa a2200181 a 450000100080000000500110000800800410001910000160006024501170007626000090019352005150020265300230071765300230074065300110076365300090077470000240078377300630080710061342003-08-13 2001 bl uuuu u00u1 u #d1 aPOLZL, W.B. aAnalise do mercado de pisos de madeira laminada na cidade de Curitiba (Marketing de vendas ao consumidor final). c2001 aO crescente aumento da oferta de pisos de madeira deve ir seguida do uso de instrumentos de marketing, desta forma minimizando os efeitos da concorr??ncia por meio da diferenciacao de produtos e servicos. Esta pode utilizar diferentes artificios que permitem agregar outros valores alem dos encontrados nos produtos. A analise de mercado aqui apresentada esta baseada no composto de segmentacoes de mercado quanto a produto, preco e servicos. Mostrando detalhes que podem ser repensados pelas empresas do ramo. aAnalise de mercado aCarpete de madeira aParana aPiso1 aSILVA, J.C.G.L. da. tFloresta, Curitibagv.31, n.1/2, p.10-21, jan./dez., 2001.